01167agaaa2200277 45000010005000000030009000050050017000140070009000310080040000400400023000800410013001031000049001161300019001652450103001842500022002872600120003093000022004295080068004515110070005195200084005895380016006735460013006896500062007027000061007647000064008256255IT-RoPAU20220918181257.0d cvaizq50131s9999||||xx ||| | || ||und|| aIT-RoPAUcIT-RoPAU aITALIANO aMrozek SlawomirgCodice regista SPICS: 11172 aMATTATOIO (IL) aMATTATOIO (IL)cDiretto da: Mrozek SlawomirpMATTATOIO (IL) (Rif. Codice opera principale : 26255) aEdizione Standard aROMA (ITALIA)bRAI - RADIO TELEVISIONE ITALIANA / Distribuzione: RAIg"1984 (1° ed.: 1984 ; Ed. Lingua Orig.: nd)" aVHSbsonoro, col. a"Fotografia: Pacchetti Angelo; Scenografia: Starowieyska Ewa; " a"Bartolucci Delia; Bonacci Flavio; Costa Lella; De; Buono Nicola" aPROGRAMMA SEDE RAI DELLA LOMBARDIAVIOLINO: GUARINO/SILVIA FLAUTO: COLLINO/DIEGO aPAL, STEREO aITALIANO aTEATROeTV-TEATRO/DANZA [VHS]xCodice MATERIA SPICS: 9961 aMrozek Slawomir e(regista)gCodice regista SPICS: 11172 aZanussi Krzysztof e(soggetto)gCodice Soggetto SPICS: 3377